000 01094nam a22003497a 4500
001 0024455
003 KOHA_MİRAKIL
005 20260207002441.0
007 ta
008 150629b2008 tu a|||gr||||#||||0|tur |
020 _a9786053950554
_c13,76
040 _aTR-BiSEU
_btur
_cTR-BiSEU
_erda
041 0 _atur
044 _ctu
050 _aTA683.2
_b.H36 2008
100 1 _aHanmehmet, Zarifa.
245 1 _aBetonarme yapılar :
_bprefabrik öngerilmeli yapı elemanların hesap ve tasarım örnekleri ile/
_cZarifa Hanmehmet ; Zarifa Hanmehmet, Emin Tolga Hanmehmet.
264 1 _aAnkara :
_bNobel Yayın Dağıtım
_c2008
300 _a507 sayfa: resimli
336 _ametin
_btxt
_2rdacontent
337 _aaracısız
_bn
_2rdamedia
338 _acilt
_bnc
_2rdacarrier
490 1 _aNobel yayın ;
_vno.
490 1 _a1260.
490 1 _aTeknik bilimler ;
_v97.
500 _aKaynakça var.
650 0 _aBetonarme konstrüksiyon.
_96870
830 1 _aNobel yayın ;
_vno.
_91510
830 1 _a1260.
_933756
830 1 _aTeknik bilimler ;
_v97.
_91837
942 _2lcc
_cBK
999 _c24407
_d24407